01476cam a22003857a 4500003000500000005001700005008004100022010001000063011001000073020001500083035001000098040000900108082001700117110000800134245012400142260002400266300000700290490005300297500012200350590004100472590004100513590004100554590004200595650001700637650002000654650002300674700003400697830006000731901000700791905002600798942001000824949008500834999001700919952015400936CHAP20220817043922.0031114d2001 it a rn 00110 eng d a87902 a88874 a9251045437 a99419 cCHAP04a639.3731bF32 aFAO10aSharks of the world :ban annotated and illustrated catalogue of shark species known to datec/by Leonard J.V. Compagno aRome :bFAO,c2001. av. 0aFAO. Species catalogue for fishery purposesv; 1 aLa biblioteca tiene : Tom.2 Bullhead, mackerel and carpet sharks (heterodontiformes, lamniformes and orectolobiformes aBATCH-UPDb10c20130110lUCH01h0525 aBATCH-UPDb10c20130410lUCH01h0205 aBATCH-UPDb10c20130914lUCH01h0521 aCONVERSIONb10c20130109lUCH01h134914aBagre.9940714aCaballa.91653414aTiburón.91130330 aCompagno, Leonard J.V.92606000aFAO. Species catalogue for fishery purposesv; 1939701 aBK aAlejandra Carrasco M. cLIBRO a639.3731 F3bBCcFAOd33724000891651eFAO1fv.1 t.2gDonaciØnh104148i99419sb c87902d87902 00104053708FAOaBCbBCcPP_FAOd2019-12-31eDonacionfLIBROi127l0o639.3731 F3p33724000891651r2019-12-31 00:00:00tv.1 t.2w2019-12-31yLIBRO